000 00318nam a22001337a 4500
020 _a9781566769297
082 _a664 IBA/UN
100 _aIbarz,Albert
100 _aBarbosa-Canovas,Gustavo V
245 _aUnit Operations in Food Engineering
260 _aBoca Raton
_bCRC Press
_c2003
300 _a889
942 _cBK
999 _c13873
_d13873